| 000 | 00901pam a2200289 a 4500 | ||
|---|---|---|---|
| 999 |
_c129337 _d129337 |
||
| 001 | 4733168 | ||
| 003 | ARRUPE | ||
| 005 | 20190401094636.0 | ||
| 008 | 840828s1984 enk b 001 0 eng | ||
| 010 | _a 84018982 | ||
| 020 |
_a0416366600 (pbk.) : _c10.95 (est.) |
||
| 020 | _a0416366503 (hard) | ||
| 040 |
_aDLC _cDLC _dDLC |
||
| 050 | 0 | 0 |
_aBF173.F85 _bK57 1984 |
| 082 | 0 | 0 |
_a150.19/52 _219 |
| 100 | 1 |
_aKline, Paul. _945641 |
|
| 245 | 1 | 0 |
_aPsychology and Freudian theory : _ban introduction / _cPaul Kline. |
| 260 |
_aLondon ; _aNew York : _bMethuen, _c1984. |
||
| 300 |
_a177 p. ; _c20 cm. |
||
| 500 | _aIncludes index. | ||
| 504 | _aBibliography: p. [159]-168. | ||
| 600 | 1 | 0 |
_aFreud, Sigmund, _d1856-1939. _945642 |
| 650 | 0 |
_aPsychoanalysis. _945643 |
|
| 650 | 0 |
_aPersonality. _911480 |
|
| 650 | 0 |
_aChild psychology. _96749 |
|
| 906 |
_a7 _bcbc _corignew _d1 _eocip _f19 _gy-gencatlg |
||
| 942 |
_2lcc _cMONOGRAPH |
||